ბათუმის შოთა რუსთაველის სახელმწიფო უნივერსიტეტის ბიბლიოთეკა

მზე მობრძანდება, ადამ (ბიბ.ჩანაწერი № 49141)

000 -LEADER
fixed length control field 00855nam a2200229Ia 4500
001 - CONTROL NUMBER
control field 16051
003 - CONTROL NUMBER IDENTIFIER
control field GE_BSU
008 - FIXED-LENGTH DATA ELEMENTS--GENERAL INFORMATION
fixed length control field 181216s||||||||xx |||||||||||||| ||und||
040 ## - CATALOGING SOURCE
Transcribing agency GE_BSU
080 ## - UNIVERSAL DECIMAL CLASSIFICATION NUMBER
Universal Decimal Classification number 821.353.1-312.9
100 ## - MAIN ENTRY--PERSONAL NAME
Personal name ჯაყელი, ჯემალ
245 ## - TITLE STATEMENT
Title მზე მობრძანდება, ადამ
245 ## - TITLE STATEMENT
Remainder of title მითოლოგიურ-ფანტასტიკური რომანი
245 ## - TITLE STATEMENT
Statement of responsibility, etc. რედ.ლ.ბეჟანიძე.. მხ.რ.ლომაძე
260 ## - PUBLICATION, DISTRIBUTION, ETC.
Place of publication, distribution, etc. ბათუმი
260 ## - PUBLICATION, DISTRIBUTION, ETC.
Name of publisher, distributor, etc. აჭარა
260 ## - PUBLICATION, DISTRIBUTION, ETC.
Date of publication, distribution, etc. 1990
300 ## - PHYSICAL DESCRIPTION
Extent 245გვ. : პორტ. ; 20სმ.
653 ## - INDEX TERM--UNCONTROLLED
Uncontrolled term მზე მობრძანდება, ადამ
653 ## - INDEX TERM--UNCONTROLLED
Uncontrolled term მითოლოგიურ-ფანტასტიკური რომანი
942 ## - ADDED ENTRY ELEMENTS (KOHA)
Koha item type წიგნი
ეგზემპლარები
Withdrawn status Lost status Damaged status Not for loan Date acquired Barcode Date last seen Price effective from Koha item type
        2018-12-17 39712 2018-12-17 2018-12-17 წიგნი